Vykazovanie nefinančných vs. finančných informácií na úrovni EÚ

Vykazovanie nefinančných informácií v podobe dodatočných informácií o sociálnych a environmentálnych skutočnostiach, je aktuálne diskutované na úrovni Erurópskej Komisie. Vykazovanie nefinančných informácií v súčasnosti nekorešponduje s finančnými informáciami.

Salvato in:
Dettagli Bibliografici
Autore principale: Mokošová, Daša, 1979-
Natura: Capitolo di libro
Lingua:slovacco
Soggetti:
Tags: Aggiungi Tag
Nessun Tag, puoi essere il primo ad aggiungerne!!

MARC

LEADER 00000naa$a2200000$$$4500
001 0184727
005 20240502073152.3
041 0 |a slo 
044 |a SK 
245 1 0 |a Vykazovanie nefinančných vs. finančných informácií na úrovni EÚ  |c Daša Mokošová 
520 |a Vykazovanie nefinančných informácií v podobe dodatočných informácií o sociálnych a environmentálnych skutočnostiach, je aktuálne diskutované na úrovni Erurópskej Komisie. Vykazovanie nefinančných informácií v súčasnosti nekorešponduje s finančnými informáciami. 
610 2 0 |a informácie účtovné 
610 2 0 |a evidencia účtovná 
610 2 0 |a výkazníctvo finančné 
610 2 0 |a výkazy účtovné 
610 2 0 |a štandardy účtovné medzinárodné 
610 2 0 |a IFRS 
100 1 |a Mokošová, Daša, 1979-